Oklahoma General Knowledge - Statistics

General Stats
  • This quiz has been taken 169 times
  • The average score is 8 of 15
Answer Stats
Hint Answer % Correct
Second largest city, known for its art deco architecture Tulsa
100%
Major NBA team in Oklahoma City Thunder
95%
Capital and largest city, known for cowboy culture Oklahoma City
94%
Suburb of Oklahoma City and location of OU Norman
89%
OU mascot, State nickname: ______ State Sooner
88%
Large fast food and drive in company HQed in OKC Sonic
72%
Major suburb of Tulsa, 4th largest city Broken Arrow
64%
Famous country singer and actress born in Oklahoma Reba McEntire
56%
77-Foot waterfall in Davis, Oklahoma Turner Falls
42%
Convenience store company headquartered in Tulsa QuikTrip
40%
City and location of largest tornado ever recorded El Reno
32%
Monument and museum honoring tragedy in above city Bombing Memorial
27%
Fortune 500 natural gas company HQed in OKC Devon Energy
20%
State park located in the hills of Sans Bois Mountains Robbers Cave
14%
reservoir in Oklahoma located on Mountain Fork River Broken Bow Lake
7%
No matching quizzes found
Score Distribution
Percent of People with Each Score
Percentile by Number Answered
Your Score History
You have not taken this quiz